BSOP header

Mag-asawa'y di Biro! (Record no. 36540)

MARC details
000 -LEADER
fixed length control field 00855nam a22002057a 4500
005 - DATE AND TIME OF LATEST TRANSACTION
control field 20140520110341.0
008 - FIXED-LENGTH DATA ELEMENTS--GENERAL INFORMATION
fixed length control field 130507b ph ||||| |||| 00| 0 tag d
041 ## - LANGUAGE CODE
Language code of text/sound track or separate title Eng
-- Tag
100 ## - MAIN ENTRY--PERSONAL NAME
Personal name Guillermo, Clem
245 ## - TITLE STATEMENT
Title Mag-asawa'y di Biro!
Statement of responsibility, etc by Clem and Merlyn Guillermo
260 ## - PUBLICATION, DISTRIBUTION, ETC. (IMPRINT)
Place of publication, distribution, etc [Paranaque City] :
Name of publisher, distributor, etc Church Strengthening Ministry, Inc.
Date of publication, distribution, etc 2009
300 ## - PHYSICAL DESCRIPTION
Extent 2 computer optical disc
Dimensions 4 3/4 in
Accompanying material workbook
Type of unit 31 p. booklet
Size of unit 12 cm.
306 ## - PLAYING TIME
Playing time 88 minutes
505 ## - FORMATTED CONTENTS NOTE
Formatted contents note God's Design for Marriage<br/>Knowing if You are truly in love<br/>Maturity for Marriage<br/>Realities of Married life
520 ## - SUMMARY, ETC.
Summary, etc This video seminar addresses questions about marriage and feelings, using biblical principles and the speakers' own experiences as a married couple of 27 years.
546 ## - LANGUAGE NOTE
Language note English
546 ## - LANGUAGE NOTE
Language note Tagalog
700 ## - ADDED ENTRY--PERSONAL NAME
Personal name Guillermo, Merlyn
942 ## - ADDED ENTRY ELEMENTS (KOHA)
Source of classification or shelving scheme Library of Congress Classification
Item type Computer Files
Holdings
Withdrawn status Lost status Source of classification or shelving scheme Damaged status Not for loan Home library Current library Shelving location Date acquired Source of acquisition Cost, normal purchase price Total Checkouts Date last seen Price effective from Koha item type
    Library of Congress Classification     BSOP Library BSOP Library Video Compact Disc 05/07/2013 CSM 100.00   05/07/2013 05/07/2013 VCD
BSOP

Biblical Seminary of the Philippines
  All rights Reserved
  © 2024

CONTACT INFORMATION

Biblical Seminary of the Philippines,
  77-B Karuhatan Road, Valenzuela City,
  PHILIPPINES 1441
  Phone: +632 8292-6795 / 8292-6798
  Fax : +632 8292-6675
  Email: library@bsop.edu.ph